| 000 | 00957nmc a2200337 a 4500 | ||
|---|---|---|---|
| 003 | AR-BaBNM | ||
| 005 | 20251128204103.0 | ||
| 008 | 275019s1992 ||||||||||||||000 | spa|| | ||
| 020 | _a950-25-2644-9- | ||
| 040 | _cAR-BaBNM | ||
| 100 | 1 | _aOlivari, Nicolás | |
| 245 | 1 | 0 |
_aLa musa de la mala pata ; _bEl gato escaldado |
| 260 |
_aBuenos Aires _bCentro Editor de América Latina _c1992 |
||
| 300 | 1 | _axiv, 121 p. | |
| 490 | 0 | _aBiblioteca básica Argentina. Serie B | |
| 600 | 1 | 4 | _aCarriego, Evaristo |
| 600 | 1 | 4 | _aGirondo, Oliverio |
| 600 | 1 | 4 | _aArlt, Roberto |
| 600 | 1 | 4 | _aBernárdez, José Luis |
| 600 | 1 | 4 | _aMarechal, Leopoldo |
| 610 | 2 | 4 | _aGrupo Boedo-Florida |
| 650 | 4 | _aLITERATURA ARGENTINA | |
| 650 | 4 | _aINMIGRACION EN ARGENTINA | |
| 650 | 4 | _aPOESIAS | |
| 650 | 4 | _aLITERATURA POPULAR | |
| 653 | 0 | _aVANGUARDIAS LITERARIAS | |
| 655 | _aLITERATURA | ||
| 700 | 1 |
_aIssacson, José _eprologuista |
|
| 942 | _cBK | ||
| 998 | _cCarmen | ||
| 999 |
_c6114 _d6114 |
||